<?xml version="1.0" encoding="UTF-8"?>
<record
    xmlns:xsi="http://www.w3.org/2001/XMLSchema-instance"
    xsi:schemaLocation="http://www.loc.gov/MARC21/slim http://www.loc.gov/standards/marcxml/schema/MARC21slim.xsd"
    xmlns="http://www.loc.gov/MARC21/slim">

  <leader>02692nab a2200253uuc4500</leader>
  <controlfield tag="001">1463036</controlfield>
  <controlfield tag="005">20241106091305.0</controlfield>
  <controlfield tag="008">170327m10uu2016                    spa  </controlfield>
  <datafield tag="035" ind1=" " ind2=" ">
    <subfield code="a">1463036</subfield>
  </datafield>
  <datafield tag="040" ind1=" " ind2=" ">
    <subfield code="c">comduadb</subfield>
  </datafield>
  <datafield tag="041" ind1=" " ind2=" ">
    <subfield code="a">spa</subfield>
  </datafield>
  <datafield tag="100" ind1="1" ind2="0">
    <subfield code="a">Fuentes Molina, Natalia</subfield>
    <subfield code="4">aut</subfield>
    <subfield code="e">aut</subfield>
    <subfield code="9">660415</subfield>
  </datafield>
  <datafield tag="245" ind1="1" ind2="0">
    <subfield code="a">Coagulantes naturales en sistemas de flujo continuo, como sustituto del Al2(SO4)3 para clarificaci&#xF3;n de aguas</subfield>
  </datafield>
  <datafield tag="520" ind1="3" ind2=" ">
    <subfield code="a">Introducci&#xF3;n. El agua superficial es de vital importancia como fuente de abastecimiento, sin embargo no todas son aptas para el consumo, haci&#xE9;ndose necesario su tratamiento, mediante la combinaci&#xF3;n de procesos f&#xED;sicos y qu&#xED;micos que requieren el uso de coagulantes como el sulfato de aluminio; sustancia que cumple eficientemente su funci&#xF3;n, pero es bio-acumulada por los humanos afectando la salud. Objetivo. Evaluar la eficiencia de los coagulantes naturales Moringa Ole&#xED;fera, Cactus Opuntia, Algas Marinas y Almid&#xF3;n, para la clarificaci&#xF3;n de las aguas de consumo humano, como sustituto al sulfato de aluminio en sistemas batch y continuos. Materiales y m&#xE9;todos. Se analizaron muestras de agua del Rio Cesar, durante periodos seco y lluvioso, representando baja y alta turbiedad. Las biomasas fueron analizadas con y sin pre-tratamientos qu&#xED;micos (Ca(OH)2, CaCL2, NaOH y NaCl). Se efectuaron pruebas mediante dos sistemas simulando las fases de coagulaci&#xF3;n y floculaci&#xF3;n, utilizando varias dosificaciones. Las variables de control fueron color, turbiedad, OD, ST, conductividad DQO y pH. Resultados. Las mayores eficiencias de remoci&#xF3;n se presentaron con pre-tratamientos excepto el cactus; encontr&#xE1;ndose 88.26% para moringa usando Ca(OH)2, 79.73 % para almid&#xF3;n con NaOH; 81.14 % para algas con CaCL2 y 98.41 % para cactus siendo la m&#xE1;s eficiente. Se obtuvo un eficiente comportamiento del sistema continuo con condiciones similares a las obtenidas del sistema batch. Conclusiones. Se determinaron las condiciones &#xF3;ptimas de los coagulantes naturales, demostrando que son eficientes, seguros y econ&#xF3;micos para el tratamiento de aguas, con menor generaci&#xF3;n de lodos, gracias a los mecanismos de adsorci&#xF3;n y neutralizaci&#xF3;n de cargas.</subfield>
  </datafield>
  <datafield tag="650" ind1=" " ind2=" ">
    <subfield code="a">Coagulantes</subfield>
    <subfield code="9">173450</subfield>
  </datafield>
  <datafield tag="650" ind1=" " ind2=" ">
    <subfield code="a">Sulfato de aluminio</subfield>
    <subfield code="9">68356</subfield>
  </datafield>
  <datafield tag="650" ind1=" " ind2=" ">
    <subfield code="a">Coagulantes naturales</subfield>
    <subfield code="9">217200</subfield>
  </datafield>
  <datafield tag="650" ind1=" " ind2=" ">
    <subfield code="a">Clarificacion de liquidos</subfield>
    <subfield code="9">53063</subfield>
  </datafield>
  <datafield tag="650" ind1=" " ind2="7">
    <subfield code="a">Tratamiento del agua</subfield>
    <subfield code="2">lemb</subfield>
    <subfield code="9">233648</subfield>
  </datafield>
  <datafield tag="700" ind1="1" ind2="0">
    <subfield code="a">Molina Rodr&#xED;guez, Emiro Jos&#xE9;</subfield>
    <subfield code="4">aut</subfield>
    <subfield code="e">aut</subfield>
    <subfield code="9">747345</subfield>
  </datafield>
  <datafield tag="700" ind1="1" ind2="0">
    <subfield code="a">Ariza, Carla Patricia</subfield>
    <subfield code="4">aut</subfield>
    <subfield code="e">aut</subfield>
    <subfield code="9">735694</subfield>
  </datafield>
  <datafield tag="773" ind1="0" ind2=" ">
    <subfield code="t">Producci&#xF3;n + Limpia (Medell&#xED;n)</subfield>
    <subfield code="g">Volumen 11, N&#xFA;mero 02, Julio-Diciembre 2016, p&#xE1;ginas 41-54</subfield>
    <subfield code="w">1012185</subfield>
    <subfield code="x">1909-0455</subfield>
    <subfield code="0">417187</subfield>
  </datafield>
  <datafield tag="942" ind1=" " ind2=" ">
    <subfield code="c">ARIMP</subfield>
  </datafield>
  <datafield tag="999" ind1=" " ind2=" ">
    <subfield code="c">752501</subfield>
    <subfield code="d">752501</subfield>
  </datafield>
</record>
